[Event "25th Abu Dhabi Master 2018"]
[Site "Abu Dhabi"]
[Date "2018.08.08"]
[Round "2"]
[White "Kadric, Denis"]
[Black "Sharma, Dinesh Kumar"]
[Result "1/2-1/2"]
[WhiteElo "2537"]
[BlackElo "2275"]
[Annotator "ChessBase"]
[PlyCount "83"]
[EventDate "2018.08.05"]
[EventType "swiss"]
[EventCountry "UAE"]
[SourceTitle "playchess.com"]
[Source "ChessBase"]
[SourceQuality "1"]
[TimeControl "5400+30"]

1. e4 {[%emt 0:00:00]} e5 {[%emt 0:00:16]} 2. Bc4 {[%emt 0:00:00]} Nf6 {[%emt 0:00:26]} 3. d3 {[%emt 0:00:00]} c6 {[%emt 0:00:34]} 4. Nf3 {[%emt 0:00:00]} d5 {[%emt 0:00:47]} 5. Bb3 {[%emt 0:00:00]} a5 {[%emt 0:01:10]} 6. a4 {[%emt 0:00:00]} Bb4+ {[%emt 0:00:27]} 7. c3 {[%emt 0:00:00]} Bd6 {[%emt 0:00:36]} 8. exd5 {[%emt 0:00:05]} cxd5 {[%emt 0:02:13]} 9. O-O {[%emt 0:00:03]} O-O {[%emt 0:01:10]} 10. Bg5 {[%emt 0:00:03]} Be6 {[%emt 0:00:42]} 11. Na3 {[%emt 0:00:23]} Nbd7 {[%emt 0:01:53]} 12. Nb5 {[%emt 0:00:16]} Bb8 {[%emt 0:00:06]} 13. Re1 {[%emt 0:00:18]} Re8 {[%emt 0:01:00]} 14. Bh4 {[%emt 0:01:42]} h6 {[%emt 0:06:18]} 15. h3 {[%emt 0:01:45]} Ra6 {[%emt 0:03:55]} 16. Bg3 {[%emt 0:05:33]} Bf5 {[%emt 0:01:31]} 17. d4 {[%emt 0:03:59]} e4 {[%emt 0:02:30]} 18. Bxb8 {[%emt 0:01:07]} Qxb8 {[%emt 0:00:33]} 19. Nh2 {[%emt 0:00:22]} Rae6 {[%emt 0:08:22]} 20. Nf1 {[%emt 0:00:24]} R6e7 {[%emt 0:06:29]} 21. Ne3 {[%emt 0:01:23]} Be6 {[%emt 0:00:19]} 22. Ba2 {[%emt 0:05:56]} Nb6 {[%emt 0:06:24]} 23. b3 {[%emt 0:00:43]} Nc8 {[%emt 0:00:23]} 24. c4 {[%emt 0:00:31]} Nd6 {[%emt 0:01:30]} 25. c5 {[%emt 0:07:05]} Nxb5 {[%emt 0:02:17]} 26. axb5 {[%emt 0:00:02]} b6 {[%emt 0:00:01]} 27. c6 {[%emt 0:00:06]} Qd6 {[%emt 0:00:24]} 28. Qd2 {[%emt 0:00:35]} Nh7 {[%emt 0:00:36]} 29. b4 {[%emt 0:00:52]} a4 {[%emt 0:00:57]} 30. Rac1 {[%emt 0:14:20]} Rc7 {[%emt 0:02:36]} 31. f3 {[%emt 0:00:39]} Nf6 {[%emt 0:01:28]} 32. Rf1 {[%emt 0:00:05]} exf3 {[%emt 0:00:59]} 33. Rxf3 {[%emt 0:00:03]} Ne4 {[%emt 0:00:22]} 34. Qd3 {[%emt 0:01:14]} Ng5 {[%emt 0:01:11]} 35. Rcf1 {[%emt 0:01:18]} Nxf3+ {[%emt 0:03:57]} 36. Rxf3 {[%emt 0:00:03]} Rce7 {[%emt 0:03:05]} 37. Qd2 {[%emt 0:06:21]} g6 {[%emt 0:09:27]} 38. Rf6 {[%emt 0:02:53]} Qg3 {[%emt 0:12:59]} 39. Rf3 {[%emt 0:00:16]} Qd6 {[%emt 0:01:35]} 40. Rf6 {[%emt 0:00:03]} Qg3 {[%emt 0:00:12]} 41. Rf3 {[%emt 0:00:03]} Qd6 {[%emt 0:04:26]} 42. Rf6 {[%emt 0:00:25]} 1/2-1/2

[Event "25th Abu Dhabi Master 2018"]
[Site "Abu Dhabi"]
[Date "2018.08.08"]
[Round "2"]
[White "Shyam, Sundar M."]
[Black "Parnali, S Dharia"]
[Result "1-0"]
[WhiteElo "2527"]
[BlackElo "2218"]
[Annotator "TA"]
[PlyCount "65"]
[EventDate "2018.08.05"]
[EventType "swiss"]
[EventCountry "UAE"]
[SourceTitle "playchess.com"]
[Source "ChessBase"]
[SourceQuality "1"]

{[%evp 14,65,36,6,16,13,60,38,48,33,60,49,52,59,79,79,112,82,77,81,94,90,120,120,120,119,147,140,129,125,131,125,356,365,507,524,523,523,468,516,516,499,623,612,1012,829,1669,1658,1573,792,1452,664,829,827]} 1. e4 e5 2. Nf3 Nc6 3. Bc4 Nf6 4. d3 Bc5 5. O-O h6 6. c3 d6 7. Re1 O-O {C54: Giuoco Piano: 4 c3 Nf6, main lines with 5 d4 and 5 d3} 8. Nbd2 {LiveBook: 46 Games} Ng4 (8... a5 9. Nf1 Bb6 10. Be3 Bxe3 11. Nxe3 Be6 12. Bb5 Ne7 13. Ba4 Ng6 14. Bc2 Re8 15. d4 {1-0 (54) Vachier Lagrave,M (2789)-Caruana,F (2816) Paris 2018}) 9. Re2 Be6 {The position is equal.} 10. h3 Nf6 11. b4 $146 ({Predecessor:} 11. a4 a6 12. a5 Nh5 13. Nf1 Qf6 14. N1h2 Ng3 {1-0 (29) Vazquez,G (2398)-Serna,J (2036) Brownsville 2016}) 11... Bb6 12. Bxe6 fxe6 13. Nc4 Nh5 14. a4 {[%cal Ba2a4,Ba4b5][%mdl 32]} a6 15. Nxb6 cxb6 16. Rea2 Rc8 17. b5 axb5 18. axb5 Na5 19. c4 Nf4 20. Be3 Rf6 21. Kh2 Qc7 22. Ne1 d5 $2 {[#]} (22... Ng6 $16 23. Nf3 Rd8) 23. c5 $1 $18 {[%mdl 512]} d4 (23... bxc5 24. Rxa5) 24. cxb6 {White is clearly winning.} Qxb6 25. Bxf4 Rxf4 26. Rxa5 Rxf2 27. Ra8 Rxa8 28. Rxa8+ Kh7 29. Qh5 Qc7 30. Nf3 {[%csl Gh5][%cal Rf3g5]} Qc1 31. Qg4 Rf1 32. h4 (32. Rf8 $142) 32... Rh1+ 33. Kg3 {Precision: White = 70%, Black = 20%.} 1-0

[Event "25th Abu Dhabi Master 2018"]
[Site "Abu Dhabi"]
[Date "2018.08.08"]
[Round "2"]
[White "Vishnu, Prasanna V"]
[Black "Jeet, Jain"]
[Result "1-0"]
[WhiteElo "2517"]
[BlackElo "2136"]
[Annotator "TA"]
[PlyCount "130"]
[EventDate "2018.08.05"]
[EventType "swiss"]
[EventCountry "UAE"]
[SourceTitle "playchess.com"]
[Source "ChessBase"]
[SourceQuality "1"]

{[%evp 15,130,6,20,-2,7,3,12,14,13,5,17,4,18,22,16,0,0,0,3,9,10,16,13,11,10,8,19,0,0,-18,36,26,29,18,23,32,30,21,25,10,15,11,57,14,15,0,33,0,0,0,43,0,15,11,17,16,54,54,54,14,60,0,9,0,0,0,0,-6,0,-6,0,-6,0,0,10,16,18,18,47,47,49,50,98,98,98,98,98,41,88,88,88,66,102,89,88,81,138,129,144,144,144,0,144,94,141,147,178,101,118,0,178,179,1460,1447,2145,2075,1762]} 1. c4 e6 2. Nf3 d5 3. e3 Nf6 4. Nc3 Be7 5. b3 O-O 6. Bb2 b6 7. cxd5 {A13: English Opening: 1...e6} exd5 (7... Nxd5 8. Nxd5 exd5 9. Qc2 c5 10. a3 Nc6 11. Bb5 Bb7 12. O-O Rc8 13. Rac1 a6 14. Be2 d4 {½-½ (36) Carlsen,M (2843)-Karjakin,S (2782) Stavanger 2018}) 8. d4 Bb7 {LiveBook: 11 Games} 9. g3 {The position is equal.} Nbd7 10. Bg2 a6 11. O-O Bd6 12. Rc1 Re8 13. Qc2 {[#]} Rc8 $146 ({Predecessor:} 13... Qe7 14. Ne2 c6 {½-½ (67) Lenderman,A (2600)-Yilmaz,M (2619) Reykjavik 2018}) 14. Rfd1 Qe7 15. Bh3 Rcd8 16. Ne2 Ne4 {...Nxf2! is the strong threat.} 17. Nf4 Ng5 18. Nxg5 Qxg5 19. Bg2 Nf6 20. Re1 Re7 21. Rcd1 Rde8 22. Qc1 (22. Rc1 {is interesting.} Rd8) 22... Bxf4 (22... h5 $11) 23. exf4 $14 Rxe1+ $1 24. Rxe1 Rxe1+ 25. Qxe1 Qf5 26. Qc1 (26. Bf1 {is more complex.} h5 27. f3 a5 28. Qd2 Qc8 29. Qe2) 26... Qd7 27. f3 a5 28. Bf1 Qc6 29. Qd1 Bc8 30. Bd3 Bd7 31. a4 Ne8 32. Qe1 Qe6 33. Qc1 f5 34. Kf2 g6 35. Ba3 Qc6 36. Qe1 Qe6 37. Qd2 Qc6 38. h3 (38. Qe3 $14) 38... Qf6 39. Be2 Ng7 40. Bb2 Qc6 41. Ke1 Qe6 42. Kf2 Qc6 43. Ba6 Ne8 44. Qe2 Qe6 (44... Qd6 {feels hotter.} 45. Qe5 Kf7 46. Bc3 Qc6 47. Bb5 Qxc3 48. Bxd7 Qd2+) 45. Qe5 Qxe5 46. fxe5 $11 {[%mdl 4096] Endgame KBB-KBN} Kf7 47. Ke3 Ng7 48. Bb7 Ke6 49. Ba3 c6 50. f4 {aiming for Bd6.} Ne8 51. g4 (51. b4 $16 {Hoping for bxa5.} axb4 52. Bxb4) 51... Kf7 52. gxf5 gxf5 53. Kf3 Ke6 54. Ba6 Kf7 55. Bd3 Ke6 (55... Ng7 $142) 56. Ke3 Kf7 57. Kd2 Bc8 58. Ke3 Bd7 $1 59. Be2 Ke6 60. h4 Kf7 61. Bf3 (61. Bh5+ $18 Ke6 62. Be2) 61... Ke6 62. Be2 (62. Kf2 $16) 62... Kf7 $1 $18 {[#]} 63. Bh5+ $1 Kg8 $2 {[#]} (63... Ke6 64. Bf8 Nc7) 64. e6 $1 {[%mdl 512]} Nf6 (64... Bxe6 65. Bxe8) 65. exd7 Nxd7 {Precision: White = 45%, Black = 47%.} 1-0

[Event "25th Abu Dhabi Master 2018"]
[Site "Abu Dhabi"]
[Date "2018.08.08"]
[Round "2"]
[White "Puranik, Abhimanyu Sameer"]
[Black "Pranav, Vijay"]
[Result "1-0"]
[WhiteElo "2514"]
[BlackElo "2265"]
[Annotator "ChessBase"]
[PlyCount "68"]
[EventDate "2018.08.05"]
[EventType "swiss"]
[EventCountry "UAE"]
[SourceTitle "playchess.com"]
[Source "ChessBase"]
[SourceQuality "1"]
[TimeControl "5400+30"]

1. e4 {[%emt 0:00:00]} e5 {[%emt 0:00:00]} 2. Nf3 {[%emt 0:00:00]} Nc6 {[%emt 0:00:00]} 3. Bb5 {[%emt 0:00:00]} a6 {[%emt 0:00:06]} 4. Ba4 {[%emt 0:00:00]} d6 {[%emt 0:00:07]} 5. O-O {[%emt 0:00:01]} Bd7 {[%emt 0:00:05]} 6. d4 {[%emt 0:00:29]} exd4 7. Nxd4 {[%emt 0:00:19]} b5 {[%emt 0:01:25]} 8. Nxc6 Bxc6 {[%emt 0:00:05]} 9. Bb3 {[%emt 0:00:07]} Nf6 {[%emt 0:00:22]} 10. c4 {[%emt 0:00:08]} Be7 {[%emt 0:01:36]} 11. Nc3 {[%emt 0:00:11]} O-O {[%emt 0:01:18]} 12. Re1 {[%emt 0:00:11]} b4 {[%emt 0:04:06]} 13. Nd5 {[%emt 0:01:26]} a5 {[%emt 0:01:58]} 14. Ba4 {[%emt 0:15:04]} Bxa4 {[%emt 0:02:23]} 15. Qxa4 {[%emt 0:08:55]} Nxd5 {[%emt 0:01:49]} 16. cxd5 {[%emt 0:00:04]} Bf6 {[%emt 0:01:10]} 17. Rb1 {[%emt 0:04:33]} Re8 {[%emt 0:04:11]} 18. a3 {[%emt 0:07:19]} bxa3 {[%emt 0:14:27]} 19. bxa3 {[%emt 0:01:47]} Bc3 {[%emt 0:00:29]} 20. Re2 {[%emt 0:05:04]} f5 {[%emt 0:02:40]} 21. Qc4 {[%emt 0:05:32]} Qf6 {[%emt 0:00:26]} 22. Rb7 {[%emt 0:08:57]} Rxe4 {[%emt 0:02:51]} 23. Rxe4 {[%emt 0:01:29]} fxe4 {[%emt 0:00:02]} 24. Be3 {[%emt 0:00:42]} Rf8 {[%emt 0:01:48]} 25. Rxc7 {[%emt 0:04:00]} Be5 {[%emt 0:02:16]} 26. Qxe4 {[%emt 0:01:19]} Rb8 {[%emt 0:00:38]} 27. f4 {[%emt 0:04:58]} Qh4 {[%emt 0:01:37]} 28. g3 {[%emt 0:08:27]} Qg4 {[%emt 0:00:05]} 29. Bf2 {[%emt 0:03:17]} g6 {[%emt 0:06:16]} 30. Kg2 {[%emt 0:07:16]} Bf6 {[%emt 0:03:24]} 31. Rc6 {[%emt 0:03:17]} Qd7 {[%emt 0:02:32]} 32. Qe6+ {[%emt 0:00:28]} Qxe6 {[%emt 0:00:07]} 33. dxe6 {[%emt 0:00:03]} Be7 {[%emt 0:04:21]} 34. Rc7 {[%emt 0:00:44]} Re8 {[%emt 0:00:03]} 1-0

[Event "25th Abu Dhabi Master 2018"]
[Site "Abu Dhabi"]
[Date "2018.08.08"]
[Round "2"]
[White "Saduakassova, Dinara"]
[Black "Rapport, Richard"]
[Result "0-1"]
[WhiteElo "2495"]
[BlackElo "2719"]
[Annotator "TA"]
[PlyCount "62"]
[EventDate "2018.08.05"]
[EventType "swiss"]
[EventCountry "UAE"]
[SourceTitle "playchess.com"]
[Source "ChessBase"]
[SourceQuality "1"]

{[%evp 11,62,5,33,21,36,14,29,28,21,32,39,-21,-10,-15,-17,-87,-68,-80,-30,-37,-15,-34,-54,-46,0,0,0,-2,83,82,81,0,0,-536,-135,-212,-123,-134,-145,-283,-268,-269,-288,-273,-268,-274,-245,-332,-263,-258,-265,-264,-259]} 1. d4 Nf6 2. c4 e6 3. Nc3 Bb4 4. Qc2 d6 5. Nf3 Nbd7 6. Bd2 e5 {LiveBook: 12 Games. E32: Nimzo-Indian: Classical (4 Qc2): 4...0-0} 7. dxe5 $146 ({Predecessor:} 7. e3 O-O 8. a3 Bxc3 9. Bxc3 exd4 10. Bxd4 b6 11. b4 {½-½ (11) Hansen,S (2578)-Hansen,C (2600) Svendborg 2016}) 7... dxe5 8. O-O-O c6 {The position is equal.} 9. h3 Qe7 10. g4 Nc5 11. e3 (11. Be3 $14) 11... a5 12. a3 O-O 13. Kb1 (13. Rg1 $11) 13... b5 $1 $17 14. Be1 Bxc3 15. Bxc3 Nfe4 (15... b4 $5 16. Bxe5 Nfe4 $14) 16. Nxe5 ({Don't play} 16. cxb5 Be6 $17) 16... Nxc3+ 17. Qxc3 Ne4 18. Qd4 Nxf2 {And now ...Bb7 would win.} 19. Nxc6 Qh4 (19... Qg5 $11 {remains equal.} 20. Bg2 Bb7) 20. Bg2 $16 Nxh1 21. Qc5 (21. Bxh1 $16 {Qd6 is the strong threat.} Bb7 22. cxb5) 21... Nf2 $11 22. Qe7 $2 {[%mdl 8192] [#]} (22. Ne7+ $11 Kh8 23. Rd4 (23. Ng6+ $2 hxg6 24. Qxf8+ Kh7 $19)) 22... Qxe7 $2 (22... Bf5+ $1 $19 {is more deadly.} 23. gxf5 Qg3) 23. Nxe7+ $17 Kh8 24. Rd2 {[#]} Rb8 $1 {White must now prevent ...Nxh3!} ({Inferior is} 24... bxc4 25. Bxa8 Nxh3 26. Nxc8 $14) 25. c5 {[#]} (25. Nc6 $17 Nxg4 26. hxg4) 25... Nxg4 $1 $19 26. c6 (26. hxg4 Bxg4) 26... Nxe3 27. c7 {[#]} Be6 $1 {Strongly threatening ...Rbe8.} ({Don't blunder} 27... Rb6 $2 28. Rd8 $18) 28. cxb8=Q Rxb8 29. Be4 g6 {Black has a decisive advantage.} 30. Nc6 Nc4 31. Rd4 Rb6 {Precision: White = 58%, Black = 39%.} 0-1

[Event "25th Abu Dhabi Master 2018"]
[Site "Abu Dhabi"]
[Date "2018.08.08"]
[Round "2"]
[White "Swapnil, S Dhopade"]
[Black "Wang, Hao"]
[Result "0-1"]
[WhiteElo "2487"]
[BlackElo "2711"]
[Annotator "TA"]
[PlyCount "68"]
[EventDate "2018.08.05"]
[EventType "swiss"]
[EventCountry "UAE"]
[SourceTitle "playchess.com"]
[Source "ChessBase"]
[SourceQuality "1"]

{[%evp 21,68,20,38,36,43,28,21,34,14,0,0,0,0,0,8,14,20,0,0,-10,0,-67,-75,-72,-64,-69,-81,-70,-66,-77,-88,-93,-93,-88,-88,-90,-93,-200,-145,-135,-114,-114,-114,-987,-968,-1441,-1347,-1747,-1696]} 1. d4 Nf6 2. c4 e6 3. Nf3 Bb4+ 4. Bd2 c5 5. Bxb4 cxb4 6. g3 b6 7. Bg2 Bb7 8. Qd3 O-O 9. Nbd2 d6 10. O-O Nbd7 {E16: Damenindisch (Hauptfortsetzung mit Lb4)} 11. e4 Qc7 {LiveBook: 4 Partien} 12. Ne1 Rfc8 $146 {Weiß steht etwas besser.} ({Vorgänger:} 12... a5 13. Nc2 e5 14. Ne3 exd4 15. Qxd4 Rae8 16. f3 Re5 {1-0 (42) Carlsen,M (2710)-Epishin,V (2587) Tromsoe 2007}) 13. Nc2 b5 {[%cal Rb5c4]} 14. b3 a5 15. Rfc1 bxc4 16. bxc4 Rab8 17. Rab1 Ba6 {[%cal Ra6c4]} 18. Ne3 a4 19. Qc2 Qa5 20. Qd1 g6 21. c5 (21. Ndf1 $11) 21... dxc5 $15 22. Ndc4 Bxc4 23. Nxc4 Qa6 24. e5 Ne8 25. dxc5 Nxc5 26. Nd6 Nxd6 27. exd6 {[#]} b3 $1 {[%cal Rb3a2,Bb4b3,Bb3b2][%mdl 32]} 28. d7 {[#]} Nxd7 $1 {[%mdl 512]} 29. Qxd7 (29. axb3 $17 Nc5 30. Bf1) 29... Rxc1+ $19 30. Rxc1 {Und Tc7 würde nun gewinnen.} b2 $36 {[%mdl 2048] Weiss steht unter starkem Druck.} 31. Rb1 {[#] Txb2! ist eine echte Drohung.} Qc4 $1 {[%cal Rc4c1] Droht ...Dc1+ und aus.} 32. Qd1 $2 {[%mdl 8192]} (32. Be4 $17) 32... Qxa2 {Schwarz steht klar auf Gewinn.} 33. Be4 a3 34. Qc2 Qb3 {Precision: Weiß = 45%, Schwarz = 61%.} 0-1

[Event "25th Abu Dhabi Master 2018"]
[Site "Abu Dhabi"]
[Date "2018.08.08"]
[Round "2"]
[White "Iniyan, Panneerseluam"]
[Black "Dubov, Daniil"]
[Result "0-1"]
[WhiteElo "2464"]
[BlackElo "2691"]
[Annotator "TA"]
[PlyCount "48"]
[EventDate "2018.08.05"]
[EventType "swiss"]
[EventCountry "UAE"]
[SourceTitle "playchess.com"]
[Source "ChessBase"]
[SourceQuality "1"]

{[%evp 17,48,2,16,2,19,-112,-33,-93,-78,-225,-211,-204,-116,-229,-225,-225,-220,-334,-280,-270,-290,-387,-386,-382,-389,-793,-777,-778,-775,-766,-760,-769,-763]} 1. d4 f5 2. Bg5 g6 3. Nc3 Bg7 4. h4 h6 5. Bf4 Nf6 6. e3 {A80: Dutch Defence: Unusual White second moves} d6 7. Qf3 O-O 8. Bc4+ e6 9. O-O-O Qe8 {LiveBook: 3 Games} 10. Nh3 $146 ({Predecessor:} 10. a3 Nc6 11. Nge2 Bd7 12. Ba2 {0-1 (39) Moskalenko,V (2580)-Bonafede,A (2280) Hoogeveen 2010}) 10... Nc6 11. d5 {[#]} (11. a3 $11 {remains equal.}) 11... Nb4 (11... Na5 $1 $17 {[%cal Ra5c4]} 12. Be2 e5) 12. dxe6 ({White should play} 12. h5 $15) 12... Bxe6 $17 13. Bb3 (13. Qxb7 $17 Bxc4 14. Qxb4) 13... Bxb3 14. axb3 {[#]} Ne4 ({Better is} 14... a5 $1 $19 15. Qe2 Ne4 16. Nxe4 Qxe4) 15. Nxe4 (15. Rd4 $17 {is the only way for White.} Bxd4 16. exd4) 15... fxe4 $19 16. Qe2 {Threatens to win with Qc4+.} a5 {[%cal Ba7a5,Ba5a4,Ba4a3][%mdl 32]} 17. f3 (17. c3 {keeps fighting.} Nd3+ 18. Rxd3 exd3 19. Qxd3) 17... b5 18. c3 Nd3+ 19. Kc2 a4 20. fxe4 Nc5 21. b4 $2 (21. bxa4 Qxe4+ 22. Kd2) 21... Qxe4+ {Black is clearly winning.} 22. Kd2 a3 23. Nf2 Nb3+ 24. Ke1 Qxg2 {Precision: White = 15%, Black = 71%.} 0-1

[Event "25th Abu Dhabi Master 2018"]
[Site "Abu Dhabi"]
[Date "2018.08.08"]
[Round "2"]
[White "Harsha, Bharathakoti"]
[Black "Sargissian, Gabriel"]
[Result "1/2-1/2"]
[WhiteElo "2454"]
[BlackElo "2680"]
[Annotator "TA"]
[PlyCount "97"]
[EventDate "2018.08.05"]
[EventType "swiss"]
[EventCountry "UAE"]
[SourceTitle "playchess.com"]
[Source "ChessBase"]
[SourceQuality "1"]

{[%evp 11,97,0,32,15,8,4,30,22,41,41,47,18,26,21,47,57,42,38,30,26,26,0,36,20,27,31,26,28,56,52,43,64,56,51,76,53,46,39,27,30,30,34,29,25,27,21,20,20,20,17,17,8,5,9,12,0,0,0,0,0,0,0,0,0,0,0,0,0,0,0,0,0,0,0,0,0,0,0,0,0,0,0,0,-8,-8,-8,-8,-8]} 1. Nf3 Nf6 2. c4 c5 3. Nc3 e6 4. e3 d5 5. cxd5 Nxd5 6. Bc4 {A17: Englische Eröffnung} (6. Bb5+ Bd7 7. Be2 Nc6 8. O-O Be7 9. d4 cxd4 10. Nxd5 exd5 11. exd4 O-O 12. Ne5 Bf5 13. Be3 Bf6 14. Nxc6 bxc6 15. Bd3 Bxd3 16. Qxd3 Qb6 17. Rfc1 Rfe8 18. Qc3 {½-½ (18) Eljanov,P (2702)-Ragger,M (2672) Brest 2018}) 6... Nb6 {LiveBook: 3 Partien} 7. Bb5+ Bd7 8. Be2 Bc6 $146 ({Vorgänger:} 8... Nc6 9. b3 Be7 10. Ba3 O-O 11. O-O Rc8 12. Ne4 Nb4 13. Ne5 Be8 {1-0 (46) Kunin,V (2546)-Beinoras,M (2426) Neustadt an der Weinstrasse 2009}) 9. O-O N8d7 {[%cal Bb8d7,Bd7f6,Bf6d5][%mdl 32]} 10. d4 a6 11. dxc5 Bxc5 12. Nd4 Bxd4 13. Qxd4 Nf6 14. Qb4 Nbd5 15. Nxd5 Nxd5 16. Qb3 Qf6 17. Qa3 Qe7 18. Qxe7+ Kxe7 19. Bd2 Bb5 20. Bxb5 axb5 21. e4 Nc7 22. Bb4+ Kf6 23. Rac1 Na6 24. Bc3+ Kg6 25. f4 {Droht stark f5+.} f6 26. f5+ exf5 27. exf5+ Kf7 28. Rfd1 {[#] Droht Td7+ und aus.} Rhd8 {Die Stellung ist ausgeglichen.} 29. Ba5 Rxd1+ 30. Rxd1 $11 {[%mdl 4096] Endspiel Mit der Idee Td7+. KTL-KTS} Nc5 31. Bb6 Ne4 32. Rd7+ Kg8 33. a3 ({Natürlich nicht} 33. Rxb7 Rxa2 34. Rb8+ Kf7 $15) 33... b4 34. Rxb7 bxa3 35. bxa3 Rxa3 {[%cal Ra3a1] [#]} 36. Rb8+ Kf7 {[%cal Ra3a1]} 37. Rb7+ Ke8 {[%cal Ra3a1]} 38. h3 Rb3 39. Rb8+ Kd7 40. Ba7 Rxb8 41. Bxb8 {KL-KS} h5 42. g4 hxg4 43. hxg4 Kc6 44. Kg2 Kd5 45. Bf4 Ng5 46. Bc1 Ke4 47. Ba3 Kf4 48. Bf8 Kxg4 49. Bxg7 {Precision: Weiß = 72%, Schwarz = 68%.} 1/2-1/2

[Event "25th Abu Dhabi Master 2018"]
[Site "Abu Dhabi"]
[Date "2018.08.08"]
[Round "2"]
[White "Laxman, R R"]
[Black "Korobov, Anton"]
[Result "1/2-1/2"]
[WhiteElo "2449"]
[BlackElo "2664"]
[Annotator "TA"]
[PlyCount "55"]
[EventDate "2018.08.05"]
[EventType "swiss"]
[EventCountry "UAE"]
[SourceTitle "playchess.com"]
[Source "ChessBase"]
[SourceQuality "1"]

{[%evp 13,55,0,3,0,14,8,10,10,7,0,3,7,10,0,0,-7,0,-46,-25,-16,0,-18,-5,-6,-6,-7,0,-51,-17,-17,-14,-24,-26,-31,-10,-71,-83,-156,8,18,49,46,96,45]} 1. d4 Nf6 2. c4 e6 3. Nf3 b6 4. a3 Bb7 5. Nc3 d5 6. cxd5 Nxd5 7. Bd2 Nd7 {LiveBook: 181 Games} 8. e3 {E12: Queen's Indian: Unusual White 4th moves, 4 a3, 4 Nc3 Bb7 5 a3 and 4 Nc3 Bb7} (8. Qc2 c5 9. e4 Nxc3 10. Bxc3 cxd4 11. Nxd4 Be7 12. Rd1 a6 13. Bc4 Qc8 14. Ba2 Nc5 15. f3 O-O 16. O-O Rd8 17. b4 {0-1 (51) Vovk,Y (2596)-Navara,D (2737) Slovakia 2017}) 8... Be7 9. Bd3 N5f6 $146 ({Predecessor:} 9... O-O 10. O-O c5 11. Rc1 cxd4 12. Nxd5 Bxd5 13. exd4 Bd6 14. Qe2 Rc8 15. Bg5 f6 16. Bd2 Rxc1 17. Rxc1 Qa8 18. Ne1 Re8 19. Bb5 {½-½ (48) Marquez Abreu,C (2371)-Salcedo Mederos,P (2348) ICCF email 2011}) 10. O-O {The position is equal.} O-O 11. Qe2 c5 12. Rac1 Qb8 13. Rfe1 Rd8 14. h3 a6 15. a4 Nf8 16. dxc5 Bxc5 17. Bb1 Bxf3 18. gxf3 Bb4 19. Red1 Qe5 20. Na2 (20. f4 $11 Qa5 21. Be1) 20... Bxd2 21. Rxd2 Qg5+ 22. Kh2 $1 Rxd2 23. Qxd2 Rd8 24. Qb4 (24. Qxd8 Ng4+ 25. fxg4 Qxd8 $17) (24. Qe2 $11 {remains equal.}) 24... a5 25. f4 {[#]} ({Better is} 25. Qb5 e5 26. Qf1) 25... Ng4+ $2 ({Not} 25... axb4 26. fxg5 b3 27. Nb4 $16 (27. gxf6 bxa2 28. Bxa2 Rd2 $11)) (25... Qh5 $1 $17 26. Qb5 Qf3) 26. Kg3 $11 Qd5 27. Qxb6 Nf6 $1 {[%cal Rf6h5]} 28. Qc6 {Precision: White = 27%, Black = 57%.} (28. Nc3 $16 Nh5+ 29. Kh2 (29. Kh4 Qf3 $19)) 1/2-1/2

[Event "25th Abu Dhabi Master 2018"]
[Site "Abu Dhabi"]
[Date "2018.08.08"]
[Round "2"]
[White "Gukesh D"]
[Black "Akopian, Vladimir Eduardovic"]
[Result "1-0"]
[WhiteElo "2440"]
[BlackElo "2655"]
[Annotator "TA"]
[PlyCount "66"]
[EventDate "2018.08.05"]
[EventType "swiss"]
[EventCountry "UAE"]
[SourceTitle "playchess.com"]
[Source "ChessBase"]
[SourceQuality "1"]

{[%evp 18,66,0,0,0,0,14,12,32,14,14,5,5,5,5,8,13,4,4,4,11,4,4,2,2,0,0,0,4,6,18,18,18,18,18,18,18,0,14,-10,-8,-8,0,0,0,-14,-14,-14,-14,-14,-22]} 1. Nf3 Nf6 2. g3 b5 3. Bg2 Bb7 4. O-O e6 5. d3 c5 6. e4 d6 7. a4 b4 8. Nbd2 {A05: Réti Opening: 1 Nf3 Nf6} Be7 (8... Nc6 9. Nc4 Qc7 10. Re1 Be7 11. a5 Rd8 12. a6 Ba8 13. Bf4 O-O 14. e5 dxe5 15. Nfxe5 Qc8 16. Nxc6 Bxc6 17. Bxc6 Qxc6 {0-1 (53) Naiditsch,A (2705)-Fedorchuk,S (2648) Riadh 2017}) 9. e5 dxe5 10. Nxe5 {LiveBook: 4 Games} Bxg2 11. Kxg2 Qd5+ 12. Qf3 Nfd7 $146 ({Predecessor:} 12... Qxf3+ 13. Kxf3 Nfd7 14. Ndc4 Nxe5+ 15. Nxe5 f6 {1-0 (47) Mueller,H (2075)-Becker,H (2115) Germany 1998}) 13. Re1 (13. Qxd5 {looks sharper.} exd5 14. Re1 f6 15. Ng4 d4 16. f3) 13... Qxf3+ {The position is equal.} 14. Ndxf3 ({Inferior is} 14. Kxf3 Nxe5+ 15. Rxe5 Nc6 $17) 14... Nxe5 15. Nxe5 f6 16. Nc4 Kf7 17. Be3 Nc6 18. f4 Rad8 19. b3 h6 {[%cal Bh7h6,Bh6h5,Bh5g4][%mdl 32]} 20. Re2 g5 21. Rf1 gxf4 22. Bxf4 Nd4 23. Ref2 h5 24. Be3 Nf5 25. Re2 Rdg8 26. Kh3 Rg4 27. Rf4 (27. Rf3 {feels hotter.} Rhg8 28. Re1 R4g7 29. Bf2 Rg5 30. Rf1) 27... Rhg8 (27... Rxf4 {seems wilder.} 28. gxf4 Rg8 29. Rg2 Rc8 30. Bf2 Bf8) 28. Rxg4 (28. Rf3 {is interesting.} Rc8 29. Bg1 Rg7 30. Rf1 Rcg8 31. Bf2) 28... hxg4+ 29. Kg2 e5 30. Bf2 Ke6 31. Re4 Nd6 32. Nxd6 Kxd6 33. h3 f5 {[%mdl 32768] Precision: White = 67%, Black = 69%. . Loss on Time!?} 1-0